000 01402cam a22002054a 4500
005 20250605163927.0
008 250528s ||||||||||||||||||||||||d
035 _a14569
020 _a9603442062
040 _aGR-AtMCL
_bgre
_dGR-AtMCL
_eAACR2
245 1 _aΗ Κοινωνικοποίηση του Παιδιού Κατά τα Πρώτα Χρόνια της Ζωής του / Εξελικτική Ψυχολογία 1
260 _bΕλληνικά Γράμματα,
_c1996
300 _a60
520 _aΤο παρόν βιβλίο είναι το πρώτο από τα πέντε τεύχη της ομάδας βιβλίων για την Εξελικτική Ψυχολογία. Η Φύση της Κοινωνικοποίησης, Κοινωνική ''Πρωτό'' Προσαρμογή, Αλληλεπίδραση και Επικοινωνία, Προσκόλληση, Αποστέρηση και Αποχωρισμός, Μακροπρόθεσμες Επιδράσεις των Πρώιμων Εμπειριών, Προτεινόμενα Βιβλία για Συμπληρωματική Μελέτη, Βιβλιογραφία, Ευρετήριο Όρων, Απαντήσεις στις Ερωτήσεις Αυτο-Αξιολόγησης.
700 1 _aSchaffer Rudolph
_9280
700 1 _aΓιαννίτσας Νικόλαος Δ
_9281
942 _cBK
999 _c193
_d193